000 00682nam a22002297a 4500
005 20240430073438.0
008 240430b |||||||| |||| 00| 0 eng d
020 _a9789391661984
040 _aIN-DiNC
_cIN-DiNC
041 _deng
082 _a305.3
_bSOC
245 _aSociology of gender/
_cby Seram Bhogendra Singh and others
250 _a1st ed.
260 _aMeerut:
_bBalaji publishers,
_c2024.
300 _aviii, 304p.
650 _aGender and its related issues
700 _aSingh, Seram Bhogendra
_eauthor
700 _aDevi, Oinam Shantibala
_eauthor
700 _aSingh, Oinam Roshni Kumar
_eauthor
700 _aDevi, Yumnam Indira
_eauthor
942 _2ddc
_cBK
999 _c11796
_d11796